000
00240cam a22000977a 4500
008
180718b xxu||||| |||| 00| 0 eng d
082
_a
B3 Ur3p
100
_a
Urges, Joseph A.
245
_a
Public administration
_c
by Joseph A.Urges
260
_a
_b
_c
999
_c
335934
_d
335934